000 00455nam a2200181Ia 4500
001 11493
005 20260306162832.0
008 260306t1982||||xx |||||||||||||| ||spa||
041 _aESP
082 _a985.061
_bH41 V. 1
100 _aPerú. Ministerio de Marina
_eAUT
245 0 _aHéroes y marinos notables:
_bapuntes biográficos
260 _c1982
300 _a203 páginas :
_c
650 _aGEN
654 _aCHU
942 _cLIB
_dJUS
_fJUS
_2ddc
_n
999 _c11493
_d11493